00537nam a2200205 a 4500001001300000003000900013005001700022008004100039020002500080082001800105100001900123245001800142260002800160300000900188500003500197505002400232650002700256650002900283700001900312nice12345678IN_TiNIC20260116012940.0050524s1984 lona grp 000 0 eng  a0710220 c277.500a297.1972bLEW aLewis, Bernard aJews of Islam aLondonbRoutledgec1984 a245p aincludes index and biblioraphy2 aBibliography, Index aIslam-Jewish Relations aJudaism-Muslim Relations1 aLewis, Bernard